000 00549nam a2200217 a 4500
001 0001-2022
003 ELIB.Books
008 190618 2010 eng
020 _aKBTS
092 _a253.5
_bAda
100 _aAdadms, Jay E.
245 _aCompetent to Counsel
260 _aGrand Rapids, Michigan
_bBaker Book House
_c1981
300 _a287
_c21.3 Cm
650 _aCounseling
856 _nKBTS Library
_uKBTS Elib
942 _2ddc
_cBK
990 _a1
998 _aEnglishbooks.elf
_ccat
_e2019-06-18
999 _c12022
_d12022